| 000 | 00557nam a2200133Ia 4500 | ||
|---|---|---|---|
| 008 | 160809s9999 xx 000 0 und d | ||
| 100 | _aGrünke, Matthias. | ||
| 245 | _aHOW TO SUPPORT STRUGGLING WRITERS: WHAT THE RESEARCH STIPULATES | ||
| 245 | _cMatthias Grünke University of Cologne Ann Marie Leonard-Zabel Curry College. | ||
| 260 | _bInternational Journal of Special Education | ||
| 260 | _c2015 | ||
| 650 | _xSPECIAL EDUCATION | ||
| 856 | _uhttp://www.internationaljournalofspecialed.com/docs/IJSE%20Entire%20Issue%202015%20Vol%2030%20Issue%203.pdf | ||
| 999 |
_c300239 _d300239 |
||